00000000nam##2200000za#4500
0019.517947
003CaOODSP
00520200327031539
007ta
008150406|1991||||xxc|||||     f|0| 0 fre|d
020 |a0-660-55793-2
022 |a0706-148X
040 |aCaOODSP|bfre
041 |aeng
041 |afre
043 |an-cn---
0861 |aS52-2/196
1101 |aCanada.|bSecrétariat d'État du Canada. |bBureau de la traduction.
24510|aVocabulaire de technologie éducative et de formation / |cpar Madeleine Brisebois et Mariette Grandchamp.
260 |aOttawa - Ontario : |bSecrétariat d'État du Canada. |c1991.
300 |a1005p. : |c22 cm.
4901 |aBulletin de terminologie|x0706-148X|v196
504 |aBibliographie.
5203 |aBulletin de terminologie 196. Par Madeleine Brisebois et Mariette Grandchamp-Tupula, avec la collaboration de Françoise Parc. Ce vocabulaire comprend environ 6 400 entrées. Une forte proportion des termes font l'objet d'une définition ou d'un commentaire. Parmi les domaines étudiés, outre les termes de base de la formation, il y a l'andragogie, les méthodes d'enseignement et d'apprentissage, la technologie éducative et la psychologie.
546 |aBilingue
563 |aCouverture souple
590 |a91-41|b1991-10-11
69107|aFormation professionnelle|2gcpds
69107|aTerminologie|2gcpds
69107|aTechnologie éducative|2gcpds
7201 |aBrisebois, Madeleine
7201 |aGrandchamp-Tupula, Mariette
7760#|tVocabulary of educational technology and training / |w(CaOODSP)9.590493
791 |tVocabulary of educational technology and training / |eeng|w(CaOODSP)9.517946
830#0|aBulletin de terminologie,|x0706-148X|v196|w(CaOODSP)9.509599